000 00550nam a2200229 a 4500
001 nice12345678
003 IN_TiNIC
005 20260116012813.0
008 050524s1912 pata grp 000 0 ger
020 _a
_c100
082 0 0 _a297.4
_bBAU
100 _aBauer, Hans
245 _aDie Dogmatik Al-Ghazalis
260 _aPatna
_bHalle A.S.
_c1912
500 _aincludes index and biblioraphy
505 2 _aIndex Subject and Index of Names
650 _aSufism
700 1 _aBauer, Hans
902 _bSRS
942 _cBK
999 _c8436
_d8436